000 00530nam a2200193 a 4500
001 1770713644741
003 YourLibrary
005 20260210142834.0
008 260210s2009##################000#0#eng##
020 _a9780230222274
082 0 4 _a330.94
_bRUS
100 1 _aRusek, Antonin,
_eauthor.
245 1 0 _aThe Economic Performance of the European Union :
260 _bPalgrave MacMillan,
_c2009.
300 _a296 pages
650 0 _aBusiness & Economics.
942 _cENGLISH
040 _aYourLibrary
_beng
_cYourLibrary
999 _c611406
_d611406